| 000 | 00890nam a22002177a 4500 | ||
|---|---|---|---|
| 008 | 090412t xxu||||| |||| 00| 0 eng d | ||
| 010 | _aB-321225 | ||
| 020 |
_a8187433566 _c105-00 |
||
| 035 | _aB-321225 | ||
| 037 |
_aUBH _bRP-CL-ENG E;14/17.03.09/374/19.03.09/19.03.09 |
||
| 040 |
_adpl _bEng |
||
| 082 | _a621.3 | ||
| 100 | _aJain,N.K | ||
| 245 |
_aElectricals Engineering/ _cby N.K.Jain |
||
| 260 |
_aNew Delhi _bDhanpat Rai Publishing Company _c2007 |
||
| 270 |
_a4779/23, Ansari Road Darya Ganj _bNew Delhi _e110002 _k23257526 _l011-23257525 _mdhanpatrai@vsnl.com |
||
| 300 |
_a338p _c22cm(pb) |
||
| 942 |
_2ddc _cEN _h621.3 _mJAI |
||
| 999 |
_c25739 _d25739 |
||